Evaluation of education and its application in business practice

Hodnotenie vzdelávania a jeho aplikácia v podnikovej praxi. Hodnotenie úrovne ďalšieho vzdelávania. Prístup k hodnoteniu vzdelávania v podnikoch. Benefity zo vzdelávania.

Enregistré dans:
Détails bibliographiques
Auteur principal: Matulčíková, Marta, 1964-
Format: Chapitre de livre
Langue:anglais
Sujets:
Tags: Ajouter un tag
Pas de tags, Soyez le premier à ajouter un tag!

MARC

LEADER 00000nla a2200000 4500
001 0236783
005 20240502083632.8
041 0 |a eng 
044 |a CZ 
245 1 0 |a Evaluation of education and its application in business practice  |c Marta Matulčíková 
520 |a Hodnotenie vzdelávania a jeho aplikácia v podnikovej praxi. Hodnotenie úrovne ďalšieho vzdelávania. Prístup k hodnoteniu vzdelávania v podnikoch. Benefity zo vzdelávania. 
610 2 0 |a podnik 
610 2 0 |a zdroje ľudské 
610 2 0 |a vzdelávanie 
610 2 0 |a vzdelávanie ďalšie 
610 2 0 |a benefity 
610 2 0 |a hodnotenie práce 
100 1 |a Matulčíková, Marta, 1964-